00945nam a22002535a 450000500170000000800410001701000140005802000110007203500130008303700150009604000180011108200110012910000210014024500840016124600300024526000550027530000300033050400510036065100330041171000620044494200250050699900170053195201430054820081202064115.0081025s2008 ii b 001 0 eng  aENG-92895 c175.00 aEN-76428 bDBAD / PUB adplbEnglish  a954.53 aGopal, Surendra, aStepping into modernity :bPatna in the nineteenth century /cby Surendra Gopal aPatna in the 19th century aPatna bKhuda Bakhsh Oriental Public Libraryc2008 axii, 200 p. ;c23 cm (Hb) aIncludes bibliographical references and index. aPatna (India)xCivilization. aK̲h̲udā Bak̲h̲sh Oriyanṭal Pablik Lāʼibrerī. 2ddccENmGOPh954.53 c23120d23120 00102ddc40718NFICaDBADbDBADd2009-02-06eDBAD / PUBg175.00l0o954.53 GOPpEN-76428r2009-02-06 00:00:00t1v175.00w2009-02-06yEN